000 00283nam a22001337a 4500
008 210225b ||||| |||| 00| 0 eng d
020 _a9781308309385
041 _aeng
080 _a611.085
100 _a9
101 _aHIS
245 _aMany Europes
_cDutton,P
942 _2udc
_cBK
999 _c55207
_d55207